[Event "UT Dallas GM Invitational"]
[Site "Richardson USA"]
[Date "2011.03.12"]
[Round "1"]
[White "Ramirez,Alej"]
[Black "Panchanathan,M"]
[Result "1-0"]
[WhiteElo "2594"]
[BlackElo "2542"]

1.c4 Nf6 2.Nf3 c5 3.g3 b6 4.Bg2 Bb7 5.O-O e6 6.Nc3 Be7 7.d4 cxd4 8.Qxd4 Nc6
9.Qf4 O-O 10.Rd1 a6 11.b3 Rc8 12.e4 d6 13.Ba3 e5 14.Qd2 b5 15.Bxd6 Bxd6 16.Qxd6 Qa5
17.Qd3 bxc4 18.bxc4 Rcd8 19.Nd5 Nd7 20.Qd2 f6 21.Ne7+ Kh8 22.Nxc6 Qxd2 23.Nxd8 Qa5
24.Nxb7 Qc7 25.Nd6 g6 26.c5 Nxc5 27.Rac1 Qb6 28.Rd5 Na4 29.Bf1 Kg7 30.Rc4 Nb2
31.Rc3 Rb8 32.Rb3 Qa7 33.Rxb8 Qxb8 34.Bxa6 Qa7 35.Bb5  1-0

[Event "UT Dallas GM Invitational"]
[Site "Richardson USA"]
[Date "2011.03.13"]
[Round "3"]
[White "Panchanathan,M"]
[Black "Chirila,I"]
[Result "0-1"]
[WhiteElo "2542"]
[BlackElo "2513"]

1.Nf3 c5 2.c4 Nf6 3.g3 b6 4.Bg2 Bb7 5.O-O e6 6.Nc3 Be7 7.d4 cxd4 8.Qxd4 d6
9.Rd1 a6 10.Be3 Nbd7 11.h3 O-O 12.Rac1 Qc7 13.g4 Rac8 14.b3 Qb8 15.g5 Nh5
16.Qg4 g6 17.Nd5 Bd8 18.Bd2 Re8 19.Bc3 exd5 20.Qxd7 Bc6 21.Qg4 Re4 22.Qxc8 Qxc8
23.cxd5 Bb7 24.Ne5 Rxe2 25.Ba1 Rc2 26.Nc6 Rxc1 27.Rxc1 Bxg5 28.Rc4 Qd7 29.Re4 Bxc6
30.dxc6 Qxc6  0-1

[Event "Karposh Open"]
[Site "Skopje MKD"]
[Date "2011.04.03"]
[Round "3"]
[White "Hera,I"]
[Black "Nestorovic,N"]
[Result "0-1"]
[WhiteElo "2565"]
[BlackElo "2464"]

1.Nf3 Nf6 2.c4 e6 3.g3 b6 4.Bg2 Bb7 5.O-O c5 6.Nc3 a6 7.b3 d6 8.Bb2 Be7 9.d4 cxd4
10.Qxd4 Nbd7 11.e4 Qc7 12.Rac1 O-O 13.Rfd1 Rfd8 14.h3 Rac8 15.Nh2 Qb8 16.Ng4 Bc6
17.Nxf6+ Bxf6 18.Qxd6 Qa8 19.Qf4 Nc5 20.e5 Bg5 21.Qxg5 Bxg2 22.Rxd8+ Rxd8
23.Rd1 Rd3 24.Kh2 h6 25.Qc1 Bf3 26.Rf1 a5 27.Qc2 Qd8 28.Nb5 Qg5 29.Bd4 Be4
30.Qe2 Rxd4 31.Nxd4 Bd3 32.Qe1 Bxf1 33.f4 Qd8  0-1

[Event "Bocharov Memorial"]
[Site "Borisoglebsk RUS"]
[Date "2011.04.05"]
[Round "8"]
[White "Avdeev,Ed"]
[Black "Ajrapetian,N"]
[Result "1/2-1/2"]
[WhiteElo "2144"]
[BlackElo "2064"]

1.Nf3 Nf6 2.g3 b6 3.Bg2 Bb7 4.O-O e6 5.c4 c5 6.Nc3 d5 7.cxd5 Nxd5 8.Nxd5 Bxd5
9.b3 Be7 10.Bb2 Bf6 11.Qc2 O-O 12.Bxf6 Qxf6 13.e4 Bb7 14.e5 Qe7 15.d4 Na6
16.dxc5 Rac8 17.Qb2 Nxc5 18.Rfd1 Rfd8 19.Rd4 Nd3 20.Rxd8+ Qxd8 21.Qe2 Nc1
22.Qe1 Qc7 23.Qd2 h6 24.h4 Bd5 25.Ne1 Bxg2 26.Kxg2 Qc6+ 27.Kg1 a5 28.Nd3 Nxd3
29.Qxd3 Qc3 30.Qxc3 Rxc3 31.Rd1 Rc5 32.Re1 b5 33.Re2 b4 34.Kf1 Kf8 35.Ke1 Rd5
36.f4 Rd3 37.Kf2 Ke7 38.Rc2 Kd7 39.Kg2 h5 40.Kh3 Re3 41.Rd2+ Kc7 42.Kg2 Kc6
43.Kh3 Kb5 44.Rd8 Re2 45.Rb8+ Ka6 46.Ra8+ Kb6 47.Rb8+ Ka7 48.Rf8 Rxa2 49.Rxf7+ Kb8
50.Rxg7 Rb2 51.Rg8+ Kb7 52.Rg7+ Kb6 53.Re7 Rxb3 54.Rxe6+ Kb5 55.f5 Rf3 56.f6 b3
57.Re8 a4 58.Ra8 Rf5 59.g4 Rf3+ 60.Kg2 hxg4 61.h5 a3 62.Rxa3 b2 63.Ra8 Rb3
64.Rb8+ Kc4 65.Rxb3 Kxb3 66.f7 b1=Q 67.f8=Q Qe4+ 68.Kg3 Qxe5+ 69.Kxg4 Qd4+
70.Kg5 Qe5+ 71.Kg6 Qe6+ 72.Qf6 Qg8+ 73.Kh6 Ka4 74.Qa1+ Kb4 75.Qb2+ Ka4 76.Qd4+ Ka3
77.Qd6+ Ka4 78.Qd7+ Kb4 79.Qd2+ Ka4 80.Qf4+ Ka3 81.Qd6+ Ka4 82.Qa6+ Kb4 83.Qb7+ Ka4
84.Qg7 Qe8 85.Qd4+ Ka3 86.Qd6+ Ka4  1/2-1/2

[Event "ch-SRB w 2011"]
[Site "Belgrade SRB"]
[Date "2011.04.11"]
[Round "1"]
[White "Stojanovic,Andj"]
[Black "Miladinovic,L"]
[Result "1-0"]
[WhiteElo "2318"]
[BlackElo "2086"]

1.Nf3 c5 2.c4 Nf6 3.g3 b6 4.Bg2 Bb7 5.O-O e6 6.Nc3 d6 7.Re1 Be7 8.e4 a6 9.d4 cxd4
10.Nxd4 Qc7 11.Be3 O-O 12.Rc1 Nbd7 13.f4 Rac8 14.g4 Nc5 15.Bf2 g6 16.b4 Ncd7
17.f5 gxf5 18.gxf5 e5 19.Nb3 Qd8 20.Qe2 Kh8 21.Kh1 Ne8 22.Rg1 Bh4 23.Be3 Bg5
24.Nd2 Bxe3 25.Qxe3 Nef6 26.Bf3 Qe7 27.a3 Rg8 28.Rxg8+ Rxg8 29.Rg1 Rxg1+
30.Kxg1 Ne8 31.Qh6 Bc6 32.Nf1 Ndf6 33.Ne3 b5 34.cxb5 axb5 35.Ned5 Bxd5 36.exd5 Qa7+
37.Kg2 Ng8 38.Qf8 Qxa3 39.Ne4 Qa2+ 40.Kg3 Qa8 41.Nxd6 h6 42.Nxe8  1-0

[Event "Zagreb Open B"]
[Site "Zagreb CRO"]
[Date "2011.04.12"]
[Round "2.7"]
[White "Mihalinec,D"]
[Black "Korov,Z"]
[Result "1/2-1/2"]
[WhiteElo "2238"]
[BlackElo "2085"]

1.c4 Nf6 2.Nf3 c5 3.g3 b6 4.Bg2 Bb7 5.O-O e6 6.Nc3 Be7 7.d3 a6 8.Bd2 O-O
9.Qb3 d6 10.Rfd1 Nbd7 11.a4 Rb8 12.a5 Bc6 13.axb6 Rxb6 14.Qc2 Qa8 15.Na4 Rbb8
16.Ra3 Rb7 17.Rda1 Rfb8 18.R1a2 Ra7 19.Ba5 Bd8 20.Nc3 Bxa5 21.Rxa5 Rb4 22.Nd1 Qb7
23.e4 h6 24.Qc1 e5 25.Nh4 Nb8 26.Nf5 Qc7 27.Nc3 Rab7 28.Bf3 Qd8 29.h4 Nh7
30.Bd1 Nf8 31.b3 Ne6 32.Ne2 Qf8 33.Kh2 Kh7 34.f4 g6 35.Ne3 f5 36.Nd5 Bxd5
37.exd5 Nd4 38.Nxd4 exd4 39.Re2 Re7 40.Raa2 Rbb7 41.Rxe7+ Rxe7 42.Re2 Rxe2+
43.Bxe2 Qe7 44.Bf3 Nd7 45.Kg2 Nf6 46.Kf2 a5 47.Qe1 Qxe1+ 48.Kxe1 h5 49.Kd2 Nd7
50.Kc1  1/2-1/2

[Event "Branko Vukmanovic Mem Open"]
[Site "Tivat MNE"]
[Date "2011.04.16"]
[Round "1.5"]
[White "Drenchev,P"]
[Black "Potpara,N"]
[Result "1-0"]
[WhiteElo "2517"]
[BlackElo "2152"]

1.Nf3 Nf6 2.c4 c5 3.g3 b6 4.Bg2 Bb7 5.O-O e6 6.Nc3 Be7 7.Re1 d6 8.e4 a6 9.d4 cxd4
10.Nxd4 Qc7 11.Be3 O-O 12.Rc1 Nbd7 13.f4 h5 14.h3 Rfe8 15.Bf2 Bf8 16.Nf3 Rad8
17.Qe2 Nc5 18.Ng5 g6 19.b4 Ncd7 20.a3 Bh6 21.Be3 Rc8 22.Qf2 Qb8 23.e5 Bxg2
24.Kxg2 Nh7 25.Nxh7 Kxh7 26.Ne4 Bf8 27.exd6 Bxd6 28.Red1 Rc6 29.c5 bxc5 30.bxc5 Qb7
31.Rb1 Qa8 32.Kg1 Nxc5 33.Nxd6 Rxd6 34.Bxc5  1-0

[Event "TCh-CZE 2010-11"]
[Site "Czech Rep CZE"]
[Date "2011.04.17"]
[Round "11.6"]
[White "Zpevak,P"]
[Black "Michenka,J"]
[Result "1/2-1/2"]
[WhiteElo "2391"]
[BlackElo "2372"]

1.Nf3 Nf6 2.g3 b6 3.Bg2 Bb7 4.O-O e6 5.c4 c5 6.Nc3 Be7 7.d4 cxd4 8.Qxd4 Nc6
9.Qd2 Na5 10.b3 d5 11.cxd5 Nxd5 12.Nxd5 Qxd5 13.Bb2 O-O 14.Qf4 Qf5 15.Qxf5 exf5
16.Rac1 Rfc8 17.Nd4 g6 18.Nb5 Bc5 19.Be5 Bxg2 20.Kxg2 Nc6 21.Bf4 Nd4 22.Nxd4 Bxd4
23.Rfd1 Rxc1 24.Rxc1 Bc5 25.Rd1 Re8 26.Kf3 f6 27.Rd7 Re7 28.Rxe7 Bxe7 29.e4 Kf7
30.exf5 gxf5 31.Bb8 a6 32.Bf4 Ke6 33.Be3 b5 34.Bd4 Bd6 35.h3 h5 36.Ke3 Ba3
37.Kf3 Be7 38.Ke3 Kd5 39.Kd3 Bd8 40.Ke3 Be7 41.Kd3 Bd8 42.Ke3 Be7 43.Kd3 Bd8  1/2-1/2

[Event "Branko Vukmanovic Mem Open"]
[Site "Tivat MNE"]
[Date "2011.04.18"]
[Round "3.5"]
[White "Jianu,V"]
[Black "Bojkovic,N"]
[Result "1-0"]
[WhiteElo "2545"]
[BlackElo "2379"]

1.c4 Nf6 2.Nf3 b6 3.g3 c5 4.Bg2 Bb7 5.O-O e6 6.Nc3 Be7 7.Re1 d6 8.e4 a6 9.d4 cxd4
10.Nxd4 Qc7 11.Be3 Nbd7 12.Rc1 Nc5 13.b4 Ncd7 14.Nd5 exd5 15.cxd5 Qd8 16.Nc6 Bxc6
17.dxc6 Ra7 18.a4 Rc7 19.cxd7+ Nxd7 20.Rxc7 Qxc7 21.Qd3 O-O 22.Rc1 Qb7 23.Qc2 Bd8
24.Qd1 Qb8 25.Bh3 Nf6 26.e5 Ne4 27.Bg2 Nxf2 28.Bxf2 dxe5 29.Qd7 Bg5 30.Rc7  1-0

[Event "Joao Braga Open"]
[Site "Sao Paolo BRA"]
[Date "2011.04.23"]
[Round "6.10"]
[White "Choma,E"]
[Black "Gallo Ponce,E"]
[Result "0-1"]
[WhiteElo "2348"]
[BlackElo "2231"]

1.Nf3 Nf6 2.c4 c5 3.g3 b6 4.Bg2 Bb7 5.O-O e6 6.Nc3 Be7 7.d4 cxd4 8.Qxd4 d6
9.b3 a6 10.Ba3 Nc6 11.Qf4 Qc7 12.Rac1 Ne5 13.Rfd1 O-O 14.Ng5 Bxg2 15.Kxg2 Ng6
16.Qd4 Rfd8 17.Kg1 Ne8 18.Nf3 Qb7 19.Qe4 d5 20.cxd5 Bxa3 21.Rc2 Bf8  0-1

[Event "Caissa IM April 2011"]
[Site "Kecskemet HUN"]
[Date "2011.04.24"]
[Round "9.1"]
[White "Meszaros,Gyu"]
[Black "Sarosi,Z"]
[Result "1/2-1/2"]
[WhiteElo "2422"]
[BlackElo "2313"]

1.c4 c5 2.Nf3 Nf6 3.g3 b6 4.Bg2 Bb7 5.O-O e6 6.Nc3 Be7 7.d4 cxd4 8.Nxd4 Bxg2
9.Kxg2 a6 10.Qd3 O-O 11.Qf3 Ra7 12.b3 d6 13.Nc6 Nxc6 14.Qxc6  1/2-1/2

[Event "9th V Nabokov IM"]
[Site "Kyiv UKR"]
[Date "2011.04.25"]
[Round "9.4"]
[White "Moliboga,V"]
[Black "Tovmasian,V"]
[Result "1-0"]
[WhiteElo "2277"]
[BlackElo "2285"]

1.Nf3 Nf6 2.c4 e6 3.g3 b6 4.Bg2 Bb7 5.O-O c5 6.Nc3 d6 7.d4 cxd4 8.Nxd4 Bxg2
9.Kxg2 Qc7 10.Qd3 Nbd7 11.Qf3 Rc8 12.Ncb5 Qb8 13.Nc6 Qa8 14.Ncxa7 Qxf3+ 15.exf3 Rxc4
16.Be3 Nc5 17.b3 Rc2 18.Nd4 Rc3 19.Nab5 Rd3 20.b4 Na6 21.Rfc1 Kd7 22.Kf1 e5
23.Nc6 e4 24.fxe4 Nxe4 25.Ncd4 d5 26.a3 Be7 27.Ke2 Rxe3+ 28.fxe3 h5 29.Rc2 h4
30.g4 h3 31.Rf1 Rh4 32.Rg1 g6 33.Nf3 Rh8 34.Rd1 Ke6 35.Rc6+ Bd6 36.Rxb6 Ra8
37.Ng5+  1-0

[Event "43rd TCh-ITA 2011"]
[Site "Spoleto ITA"]
[Date "2011.04.28"]
[Round "2"]
[White "Scalcione,M"]
[Black "Stella,A"]
[Result "1/2-1/2"]
[WhiteElo "2344"]
[BlackElo "2364"]

1.Nf3 Nf6 2.c4 c5 3.g3 b6 4.Bg2 Bb7 5.O-O e6 6.Nc3 Be7 7.Re1 d5 8.cxd5 Nxd5
9.d4 cxd4 10.Nxd5 Qxd5 11.Qxd4 Qxd4 12.Nxd4 Bxg2 13.Kxg2 O-O 14.Be3 Bf6 15.Rac1 Na6
16.Rc4 h6 17.Rec1 Rfd8 18.Nc6 Rd7 19.b4 Bb2 20.Rb1 b5 21.Rc2 Bf6 22.a4 bxa4
23.Ra2 Nc7 24.Rxa4 Nd5 25.Rb3 Nxe3+ 26.Rxe3 Bd8 27.Rea3 Bb6 28.Ra6 Rb7 29.h4 h5
30.Kf3 g6 31.Rc3 Kg7 32.Rca3 Rc8 33.Nxa7 Bxa7 34.Rxa7 Rxb4 35.Rd3 Rb5 36.e4 Rf8
37.Rdd7 Kf6 38.Kf4 Rb4 39.Kf3  1/2-1/2

[Event "Ostravsky Konik A"]
[Site "Ostrava CZE"]
[Date "2011.04.30"]
[Round "1.45"]
[White "Rakus,P"]
[Black "Micka,J"]
[Result "1-0"]
[WhiteElo "2158"]
[BlackElo "1881"]

1.Nf3 e6 2.g3 b6 3.Bg2 Bb7 4.O-O Nf6 5.c4 c5 6.e3 Be7 7.d4 d5 8.Ne5 Nbd7
9.Qa4 O-O 10.Nc6 Bxc6 11.Qxc6 Qc8 12.cxd5 exd5 13.Bxd5 Nxd5 14.Qxd5 Nf6 15.Qf3 cxd4
16.exd4 Rd8 17.Rd1 Nd5 18.Nc3 Qd7 19.Bf4 Qf5 20.Nxd5 Rxd5 21.Re1 Bf6 22.Re5  1-0

[Event "29th Metz Open A"]
[Site "Longeville-les-Metz FRA"]
[Date "2011.05.03"]
[Round "3.15"]
[White "Donchenko,An"]
[Black "Praveen Kumar,C1"]
[Result "1/2-1/2"]
[WhiteElo "2397"]
[BlackElo "2358"]

1.Nf3 e6 2.c4 Nf6 3.g3 b6 4.Bg2 Bb7 5.O-O c5 6.b3 Be7 7.Bb2 a6 8.e3 O-O 9.Qe2 Nc6
10.Rd1 Qc7 11.Nc3 Rfe8 12.Rac1 d5 13.cxd5 exd5 14.d4 Rad8 15.dxc5 bxc5 16.Na4 Ne4
17.Nd2 Ne5 18.Bd4 Bc6 19.Bxe5 Qxe5 20.Nxe4 dxe4 21.Qxa6 Bd7 22.Qe2 h5 23.Qc2 Bf5
24.Qc3 Qc7 25.Qc4 Rxd1+ 26.Rxd1 Bf8 27.h4 Qe5 28.Rc1 Rc8 29.Nc3 Re8 30.Qd5 Qf6
31.Bxe4 Bg4 32.Qc4 g5 33.hxg5 Qxg5 34.Bg2 Bg7 35.Ne4 Qg6 36.Qd5 h4 37.Qg5 Qxg5
38.Nxg5 hxg3 39.Rxc5 Bh6 40.Ne4 gxf2+ 41.Kxf2 Re6 42.Bf3 f5 43.Bxg4 Rxe4
44.Rc8+ Kg7 45.Bxf5 Bxe3+ 46.Ke2 Re7 47.Kd3 Bf4 48.a4 Kf6 49.Be4 Ke5 50.Rd8 Ra7
51.Rd5+ Ke6 52.a5 Rd7 53.Kc4 Rxd5 54.Bxd5+ Kd6 55.Bf3 Bd2 56.Kb5 Kc7 57.b4 Be1
58.Ka4 Bd2 59.b5 Be3 60.Kb3 Bf2  1/2-1/2

[Event "Ostravsky Konik A"]
[Site "Ostrava CZE"]
[Date "2011.05.03"]
[Round "4.21"]
[White "Kutynec,V"]
[Black "Rakus,P"]
[Result "1-0"]
[WhiteElo "2253"]
[BlackElo "2158"]

1.Nf3 Nf6 2.c4 e6 3.g3 b6 4.Bg2 Bb7 5.O-O c5 6.Nc3 d5 7.cxd5 Nxd5 8.d4 Nxc3
9.bxc3 cxd4 10.cxd4 Bd6 11.e4 Bxe4 12.Re1 Bd5 13.Ng5 O-O 14.Qh5 h6 15.Nxe6 Bxe6
16.Bxa8 Nd7 17.Bf3 Nf6 18.Qb5 a5 19.d5 Bb4 20.Rd1 Bd7 21.Qd3 Ng4 22.Bb2 Qg5
23.h4 Qg6 24.Bd4 Bf5 25.Qe2 h5 26.Rac1 Rd8 27.Rc6 Rd6 28.Bxb6  1-0

[Event "Ostravsky Konik A"]
[Site "Ostrava CZE"]
[Date "2011.05.05"]
[Round "6.9"]
[White "Kutynec,V"]
[Black "Denisov,I"]
[Result "0-1"]
[WhiteElo "2253"]
[BlackElo "2300"]

1.Nf3 Nf6 2.c4 e6 3.g3 b6 4.Bg2 Bb7 5.O-O c5 6.Nc3 Be7 7.d4 cxd4 8.Qxd4 d6
9.Rd1 a6 10.Bg5 Nbd7 11.e4 Qc7 12.Rac1 Rc8 13.b3 O-O 14.Bxf6 Nxf6 15.e5 dxe5
16.Qxe5 Qc5 17.Qxc5 bxc5 18.Ne5 Bxg2 19.Kxg2 Rfd8 20.f4 Ne8 21.Ne4 f6 22.Rxd8 Bxd8
23.Nd7 Be7 24.Rd1 Kf7 25.Nb6 Rc6 26.Na4 Rc7 27.g4 g6 28.h4 Ng7 29.Kf3 h6
30.Nd6+ Kf8 31.Nb6 h5 32.gxh5 gxh5 33.Ndc8 Nf5 34.Rd7 Rxd7 35.Nxd7+ Ke8 36.Nb8 Bf8
37.Nb6 a5 38.Nc6 Bd6 39.Na4 Kd7 40.Nxa5 Kc7 41.a3 Nxh4+ 42.Kf2 Be7 43.Nb2 Nf5
44.Nd3 Nd4 45.b4 Kb6 46.f5 e5 47.Ke3 Nxf5+ 48.Ke4 Nd4 49.Kd5 h4 50.Nf2 cxb4
51.c5+ Kxa5 52.axb4+ Kxb4 53.c6 Bd8 54.Kd6 Kc4 55.Kd7 f5 56.Kxd8 Nxc6+ 57.Kd7 Kd5  0-1

[Event "ch-UKR semi-final"]
[Site "Alushta UKR"]
[Date "2011.05.10"]
[Round "8.29"]
[White "Shtembuliak,E"]
[Black "Pavlov,Ma"]
[Result "0-1"]
[WhiteElo "2103"]
[BlackElo "2364"]

1.Nf3 Nf6 2.c4 c5 3.g3 b6 4.Bg2 Bb7 5.O-O e6 6.Nc3 Be7 7.d4 cxd4 8.Nxd4 Bxg2
9.Kxg2 Qc8 10.Qd3 a6 11.Qf3 Ra7 12.b3 d6 13.Bb2 Rc7 14.Rac1 O-O 15.Rfd1 Nbd7
16.Ne4 Ne5 17.Nxf6+ Bxf6 18.Qe4 Nd7 19.Qb1 Qb7+ 20.Nf3 Be7 21.Qa1 Nf6 22.Kg1 Rfc8
23.Nd4 h6 24.a3 Ne4 25.Nf3 Bf8 26.Nd2 Nc5 27.Bd4 b5 28.cxb5 axb5 29.b4 Na4
30.Nb3 e5 31.Be3 Rc3 32.Rxc3 Nxc3 33.Rd2 d5 34.Bc5 d4 35.Bxf8 Rxf8 36.Nc5 Qc6
37.e3 Qf3 38.Qe1 Ra8 39.exd4 exd4 40.Nb3 Ne4 41.Rb2 Rd8 42.Re2 Ng5 43.h4 Nh3+
44.Kh2 Nxf2 45.Rxf2 Qxb3 46.Qe7 Rf8 47.Qe5 Qc4 48.Rf4 Qc2+ 49.Kh3 Qc8+ 50.Kh2 d3
51.Rd4 Re8  0-1

[Event "6th Paradiso Amateur Open"]
[Site "Paradiso SUI"]
[Date "2011.05.15"]
[Round "4.6"]
[White "Profumo,A"]
[Black "Habibi,Al"]
[Result "1-0"]
[WhiteElo "2251"]
[BlackElo "2304"]

1.Nf3 c5 2.g3 b6 3.Bg2 Bb7 4.c4 Nf6 5.O-O e6 6.Nc3 Be7 7.Re1 O-O 8.e4 d6
9.d4 Nbd7 10.d5 e5 11.Nh4 g6 12.Bh3 Ne8 13.Bh6 Bxh4 14.Bxd7 Ng7 15.Bc6 Bxc6
16.dxc6 Be7 17.Nd5 Re8 18.Bxg7 Kxg7 19.Qg4 Qc8 20.Qd7 Bf8 21.Nc7 Rd8 22.Ne6+ Kf6
23.Nxd8 Qxd7 24.cxd7 Rxd8 25.a3 Rxd7 26.b4 cxb4 27.axb4 Rc7 28.Rec1 Bh6 29.Rc2 Ke6
30.b5 f5 31.Re1 Rc5 32.Ree2 Bg5 33.f3 h5 34.h4 Bh6 35.Kg2 Rc7 36.Rc3 f4 37.g4 Bf8
38.Kh3 Be7 39.Ra2 Kf7 40.Ra4 Ke8 41.Rd3 hxg4+ 42.Kxg4 Kd7 43.Rd2 Ke6 44.Rg2 Bf6
45.Kh3 Kf7 46.Rga2 Ke6 47.Rxa7 Rxc4 48.Rb7 Rc3 49.Kg2 Bd8 50.Rb8 Bxh4 51.Rxb6 Rb3
52.Rb8 g5 53.Rh8 Rxb5 54.Ra7 Rb2+ 55.Kf1 Rb1+ 56.Ke2 g4 57.Rxh4 gxf3+ 58.Kxf3 Rb3+
59.Kf2 Rb2+ 60.Ke1 Kf6 61.Rh6+ Kg5 62.Rxd6 f3 63.Rf7  1-0

[Event "CUCA Open"]
[Site "Luanda ANG"]
[Date "2011.05.19"]
[Round "3"]
[White "Short,N"]
[Black "Aderito,P"]
[Result "1-0"]
[WhiteElo "2682"]
[BlackElo "2339"]

1.Nf3 Nf6 2.c4 e6 3.g3 b6 4.Bg2 Bb7 5.O-O c5 6.Nc3 Be7 7.d4 cxd4 8.Qxd4 Nc6
9.Qf4 Qb8 10.Rd1 d6 11.b3 O-O 12.Bb2 Rd8 13.h3 h6 14.g4 Rd7 15.Rac1 Qf8 16.e3 Rad8
17.Ne1 Na5 18.Bxb7 Nxb7 19.Nf3 Nc5 20.b4 e5 21.Qf5 g6 22.Qc2 Ne6 23.Kg2 Rc8
24.Qe2 Qd8 25.a3 a6 26.Nd5 h5 27.Nxf6+ Bxf6 28.gxh5 gxh5 29.Nd2 Ng7 30.Ne4 Bh4
31.Kh2 f5 32.Nc3 f4 33.exf4 Rf7 34.Nd5 Qf8 35.Kh1 Re8 36.Rg1 Rxf4 37.Rxg7+ Kxg7
38.Rg1+ Kh6 39.Nxf4 exf4 40.Qd3 Qf7  1-0

[Event "ch-Siberia Men"]
[Site "Barnaul RUS"]
[Date "2011.05.21"]
[Round "2"]
[White "Obolenskikh,D"]
[Black "Pavlov,O"]
[Result "0-1"]
[WhiteElo "2481"]
[BlackElo "2263"]

1.Nf3 Nf6 2.c4 b6 3.g3 Bb7 4.Bg2 c5 5.O-O e6 6.Nc3 Be7 7.d4 cxd4 8.Qxd4 O-O
9.Bg5 a6 10.Rfd1 h6 11.Be3 Bc5 12.Qd3 Nc6 13.Na4 Bxe3 14.Qxe3 b5 15.Nc5 Qc7
16.Nxb7 Qxb7 17.Ne5 bxc4 18.Bxc6 dxc6 19.Nxc4 Rfd8 20.Rxd8+ Rxd8 21.Rc1 Rd5
22.Qa3 Qb5 23.Qc3 Ne4 24.Qc2 f5 25.Kg2 Kh8 26.h4 a5 27.b3 Qb4 28.h5 Qb5 29.Rh1 Qc5
30.e3 Rd2 31.Qxd2 Nxd2 32.Nxd2 Qc2 33.Nf3 Kg8 34.Nd4 Qe4+ 35.Nf3 e5 36.Rh4 Qd5
37.Rc4 Kf8 38.Ra4 Ke7 39.Rc4 Kd7 40.Ra4 Kc7 41.Rc4 Kb6 42.Ra4 c5 43.Rc4 e4
44.Nh4 Qd1 45.Ng6 Qxh5 46.Nf4 Qf3+ 47.Kg1 Qd1+ 48.Kg2 g5 49.Ne6 Qd5 50.Nxc5 Qxc4
51.Nd7+ Kc7 52.bxc4 Kxd7 53.f3 h5 54.Kf2 exf3 55.Kxf3 Kd6 56.e4 fxe4+ 57.Kxe4 Kc5  0-1

[Event "84th ch-St Petersburg"]
[Site "St Petersburg RUS"]
[Date "2011.05.21"]
[Round "1"]
[White "Malakhov,I"]
[Black "Ionov,S"]
[Result "1/2-1/2"]
[WhiteElo "2449"]
[BlackElo "2559"]

1.c4 b6 2.Nf3 Bb7 3.g3 c5 4.Bg2 Nf6 5.O-O e6 6.Nc3 Be7 7.d4 cxd4 8.Qxd4 d6
9.Rd1 a6 10.b3 Nbd7 11.Bb2 O-O 12.e4 Qc8 13.Qe3 Qc7 14.Rac1 Rac8 15.Nd4 Rfe8
16.f4 Qb8 17.Qe2 Bf8 18.Nc2 Qa8 19.Rd2 Nc5 20.Re1 d5 21.e5 Nfe4 22.Nxe4 Nxe4
23.Bxe4 dxe4 24.Ba3 Bxa3 25.Nxa3 Bc6 26.Qe3 Qb8 27.Red1 h6 28.Nc2 b5 29.c5 b4
30.Rd6 a5 31.Qd4 Qb5 32.Rc1 Ba8 33.Ne3 Rc6 34.Kg2 a4 35.Rd8 Rc8 36.Rxe8+ Rxe8
37.Qc4 Qa5 38.Nc2 Rb8 39.Nd4 Bd5 40.Qc2 axb3 41.axb3 Qa7  1/2-1/2

[Event "3rd Limpedea Cup"]
[Site "Baia Sprie ROU"]
[Date "2011.05.23"]
[Round "1"]
[White "Nanu,C"]
[Black "Soltanici,R"]
[Result "1-0"]
[WhiteElo "2526"]
[BlackElo "2367"]

1.c4 Nf6 2.Nf3 c5 3.g3 b6 4.Bg2 Bb7 5.O-O e6 6.Nc3 Be7 7.d4 cxd4 8.Qxd4 d6
9.Bg5 a6 10.Bxf6 Bxf6 11.Qf4 Qc7 12.Rfd1 Be5 13.Nxe5 dxe5 14.Qg5 f6 15.Qh5+ Ke7
16.Qg4 g6 17.Bxb7 Qxb7 18.Ne4 Nc6 19.Qf3  1-0

[Event "Orlova Open"]
[Site "Orlova CZE"]
[Date "2011.05.24"]
[Round "4.15"]
[White "Rydzewski,P"]
[Black "Mrazek,L"]
[Result "0-1"]
[WhiteElo "1765"]
[BlackElo "2138"]

1.Nf3 c5 2.c4 b6 3.g3 Bb7 4.Bg2 Nf6 5.O-O e6 6.b3 Be7 7.Bb2 O-O 8.Nc3 d6
9.d3 a6 10.e4 Qc7 11.Qc2 Nc6 12.a3 Rac8 13.Rfe1 Rfd8 14.Rad1 Qb8 15.Qb1 b5
16.Nd2 Nd7 17.f4 Bf6 18.Ne2 Bxb2 19.Qxb2 b4 20.a4 Ne7 21.Nf1 d5 22.exd5 exd5
23.Nd4 dxc4 24.dxc4 Bxg2 25.Rxe7 cxd4 26.Qxg2 Nc5 27.Nd2 Qd6 28.Qe2 Ne6 29.Rb7 d3
30.Qe3 Nd4 31.Qe7 Qg6 32.Rd7 Ne2+ 33.Kf2 Qb6+ 34.c5 Rxd7 35.Qxd7 Qxc5+ 36.Kf3 h6
37.Qxd3 Qh5+ 38.g4 Qxh2 39.Qxe2 Rc3+ 40.Qe3 Qh3+  0-1

[Event "3rd Orissa Open"]
[Site "Bhubaneswar IND"]
[Date "2011.05.29"]
[Round "2"]
[White "Bakre,T"]
[Black "Mishra,So"]
[Result "1/2-1/2"]
[WhiteElo "2518"]
[BlackElo "2219"]

1.Nf3 Nf6 2.c4 e6 3.g3 b6 4.Bg2 Bb7 5.O-O c5 6.Nc3 Be7 7.Re1 O-O 8.e4 d6
9.d4 cxd4 10.Nxd4 Qc8 11.Be3 Nbd7 12.Rc1 a6 13.f4 Qc7 14.Nd5 exd5 15.cxd5 Qb8
16.Nc6 Bxc6 17.dxc6 Nc5 18.e5 dxe5 19.c7 Qc8 20.b4 e4 21.bxc5 bxc5 22.Bxc5 Qxc7
23.Bd4 Qa5 24.Bxf6 Bxf6 25.Bxe4 Rad8 26.Qb3  1/2-1/2

[Event "Chicago Open"]
[Site "Wheeling USA"]
[Date "2011.05.29"]
[Round "7"]
[White "Harikrishna,P"]
[Black "Hess,Ro"]
[Result "1/2-1/2"]
[WhiteElo "2666"]
[BlackElo "2601"]

1.Nf3 Nf6 2.g3 b6 3.Bg2 Bb7 4.c4 c5 5.O-O e6 6.b3 Be7 7.Bb2 O-O 8.Nc3 d6
9.e3 Nbd7 10.Qe2 Rc8 11.Rfd1 Qc7 12.Rac1 Qb8 13.d4 cxd4 14.exd4 d5 15.Ne5 dxc4
16.Nxd7 Nxd7 17.d5 Nc5 18.bxc4 Bf6 19.Nb5 Bxb2 20.Qxb2 Rfd8 21.Qa3 a6 22.Nc3 h6
23.Qb2 Qc7 24.Rb1 Rd6 25.dxe6  1/2-1/2

[Event "TCh-BUL GpA Men"]
[Site "Albena BUL"]
[Date "2011.06.02"]
[Round "1.1"]
[White "Lalev,D"]
[Black "Ninov,N"]
[Result "1/2-1/2"]
[WhiteElo "2365"]
[BlackElo "2513"]

1.Nf3 c5 2.c4 Nf6 3.g3 b6 4.Bg2 Bb7 5.O-O e6 6.b3 Be7 7.Nc3 d5 8.cxd5 Nxd5
9.Bb2 Nxc3 10.Bxc3 O-O 11.Qc2 Nc6 12.Qb2 Bf6 13.Ne5 Qc7 14.Nxc6 Bxc3 15.dxc3 Bxc6
16.Bxc6 Qxc6 17.Rfd1 Rfd8 18.Rd2 Rd6 19.Rad1 Rad8 20.c4 f6 21.Qc3 Kf7 22.h4 h5
23.Rxd6 Rxd6 24.Rxd6 Qxd6 25.Qf3 Kg6 26.Kg2 Qe5 27.Qd3+ Qf5 28.Qf3 Qxf3+
29.Kxf3 Kf5 30.e4+ Ke5 31.Ke3  1/2-1/2

[Event "Haspa-Schachpokal 2011 GpA"]
[Site "Bargteheide GER"]
[Date "2011.06.02"]
[Round "2.2"]
[White "Voelzke,F"]
[Black "Feuerstack,A"]
[Result "0-1"]
[WhiteElo "2186"]
[BlackElo "2412"]

1.Nf3 c5 2.g3 b6 3.Bg2 Bb7 4.O-O Nf6 5.c4 e6 6.Nc3 Be7 7.d4 cxd4 8.Qxd4 d6
9.Bg5 a6 10.Rfd1 Nbd7 11.Bxf6 Nxf6 12.Ng5 Bxg2 13.Kxg2 O-O 14.Nge4 Ne8 15.f3 Rc8
16.Rac1 Rc6 17.b3 Qc8 18.a4 Nc7 19.Na2 d5 20.cxd5 Nxd5 21.Rxc6 Qxc6 22.Nec3 Nf6
23.Qd3 Qa8 24.e4 Rd8 25.Qe2 Rxd1 26.Qxd1 Qc8 27.Qd3 Nd7 28.Ne2 Nc5 29.Qc4 Qd7
30.Nac3 h6 31.Nc1 Qd2+ 32.N3e2 Bf6 33.h4 Bb2 34.Kh3 Qd1 35.a5 Qf1+ 36.Kg4 Nxe4
37.fxe4 f5+  0-1

[Event "Nis Open 2011"]
[Site "Nis SRB"]
[Date "2011.06.02"]
[Round "9.8"]
[White "Djukic,Sa"]
[Black "Djordjevic,Vu"]
[Result "1-0"]
[WhiteElo "2202"]
[BlackElo "1855"]

1.Nf3 Nf6 2.c4 e6 3.g3 b6 4.Bg2 Bb7 5.O-O c5 6.Nc3 Be7 7.d4 cxd4 8.Qxd4 Nc6
9.Qf4 O-O 10.Rd1 Qc8 11.b3 Bc5 12.Ne4 Nxe4 13.Qxe4 Nd4 14.Qd3 Nxf3+ 15.Bxf3 Bxf3
16.Qxf3 d6 17.Rb1 b5 18.cxb5 d5 19.Bb2 Qc7 20.Rbc1 Qb6 21.b4 Be7 22.Qg4 g6
23.Rc6 Qxb5 24.Qd4 e5 25.Qxe5 f6 26.Qxd5+ Qxd5 27.Rxd5 Bxb4 28.Bxf6 a5 29.e4 Rae8
30.e5 Rf7 31.a3 Bxa3 32.Rxa5 Be7 33.Bxe7 Rfxe7 34.f4 Kf7 35.Rac5 Rd7 36.Rc7 Ree7
37.Kg2 Ke6 38.R5c6+ Kd5 39.Rd6+  1-0

[Event "TCh-FRA Top 12 2011"]
[Site "Mulhouse FRA"]
[Date "2011.06.03"]
[Round "9"]
[White "Wirig,A"]
[Black "Pelletier,Y"]
[Result "1/2-1/2"]
[WhiteElo "2514"]
[BlackElo "2587"]

1.Nf3 Nf6 2.c4 b6 3.g3 c5 4.Bg2 Bb7 5.O-O e6 6.Nc3 Be7 7.d4 cxd4 8.Qxd4 d6
9.Bg5 a6 10.Bxf6 Bxf6 11.Qf4 Ra7 12.Rad1 Be7 13.Ne4 Bxe4 14.Qxe4 O-O 15.Nd4 Re8
16.Qb1 Bf6 17.e3 Rd7 18.a4 Qc7 19.b3 Bxd4 20.Rxd4 a5 21.Qe4 Red8 22.Rfd1 h6
23.h4 Qc5 24.g4 Na6 25.Bf1 Nb4 26.Bd3 g6 27.Bb1 Qc6 28.g5  1/2-1/2

[Event "29th Liechtenstein Open"]
[Site "Triesen LIE"]
[Date "2011.06.03"]
[Round "8.19"]
[White "Partenheimer,A"]
[Black "Marentini,M"]
[Result "1-0"]
[WhiteElo "2200"]
[BlackElo "1921"]

1.Nf3 Nf6 2.g3 b6 3.c4 e6 4.Bg2 Bb7 5.O-O c5 6.Nc3 a6 7.d4 cxd4 8.Qxd4 d6
9.Bg5 Nbd7 10.Nd2 Bxg2 11.Kxg2 Qc7 12.Nde4 Be7 13.Rfd1 O-O 14.Rac1 Rfd8 15.f3 h6
16.Be3 Rab8 17.Nxf6+ Nxf6 18.Bf2 Qb7 19.a4 d5 20.cxd5 b5 21.axb5 axb5 22.Qa7 b4
23.Qxb7 Rxb7 24.Na4 Rxd5 25.Rxd5 Nxd5 26.e4 Nf6 27.Rc8+ Kh7 28.Be3 Nd7 29.f4 Kg6
30.Kf3 h5 31.h3 f5 32.e5 Kf7 33.h4 Rb5 34.Rc7 Rd5 35.Ke2 Ke8 36.b3 Bd8 37.Rc6 Nf8
38.Nb6  1-0

[Event "TCh-BUL GpA Men"]
[Site "Albena BUL"]
[Date "2011.06.06"]
[Round "5.3"]
[White "Chatalbashev,B"]
[Black "Ninov,N"]
[Result "1/2-1/2"]
[WhiteElo "2591"]
[BlackElo "2513"]

1.c4 c5 2.Nf3 Nf6 3.g3 b6 4.Bg2 Bb7 5.O-O e6 6.Nc3 Be7 7.d4 cxd4 8.Nxd4 Bxg2
9.Kxg2 O-O 10.Bf4 a6 11.Nf3 d6 12.Qd2 Qc7 13.b3 Rd8 14.Rfd1 Qb7 15.Kg1 Nbd7
16.Qc2 Nf8 17.Rac1 Rac8 18.Qb1 h6 19.a4 d5 20.cxd5 Nxd5 21.Nxd5 Rxd5 22.Rxc8 Rxd1+
23.Qxd1 Qxc8 24.Qc1 Qxc1+ 25.Bxc1 Nd7 26.Be3 Kf8 27.Kf1 Ke8 28.Ke1 Kd8 29.Kd2 Kc7
30.Kc2 Nc5  1/2-1/2